banner-ar

Jean Clédat en Égypte et en Nubie (1900-1914) / (Record no. 63184)

MARC details
000 -الفاتح
حقل البيانات ثابتة الطول 01960cam a2200397 i 4500
005 - وقت وتاريخ اخر تعامل مع التسجيلة
رقم الضبط 20240530110627.0
008 - عناصر البيانات ثابتة الطول - معلومات عامة
حقل البيانات ثابتة الطول 140316s2014 ua 000 0 fre c
020 ## - الرقم الدولى المعيارى للكتب
الرقم الدولى المعيارى للكتاب 9782724706383
035 ## - رقم ضبط النظام
رقم ضبط النظام (OCoLC)879444393
040 ## - مصدر الفهرسة
وكالة النسخ EG-CAGPL
وكالة الفهرسة الأصلية EG-CaGPL
082 14 - رقم تصنيف ديوى العشرى
رقم التصنيف 932\
رقم الطبعة 21
رقم المادة CC/M J
100 1# - المدخل الرئيسى - إسم شخصى
الإسم الشخصى Meurice, Cédric,
التواريخ المصاحبة للاسم 1970-,
الدور author.
245 10 - بيان العنوان
العنوان Jean Clédat en Égypte et en Nubie (1900-1914) /
بيان المسئوليه,etc Cédric Meurice.
300 ## - الوصف المادى
التعداد xii, 533 pages :
تفاصيل ماديه اخرى للوعاء illustrations (some color), maps (some color);
أبعاد الوعاء 28 cm.
490 1# - بيان السلسلة
عنوان السلسلة Bibliothèque d'étude,
الرقم الدولى المعيارى للدوريات 0259-3823;
رقم المجلد/ التعيين التسلسلي 158
490 1# - بيان السلسلة
عنوان السلسلة IF ;
رقم المجلد/ التعيين التسلسلي 1085
600 10 - المدخل الاضافى بالموضوع-اسم شخصى
الإسم الشخصى Clédat, Jean,
التواريخ المصاحبة للاسم 1871-1943
التقسيم الفرعي العام Travel
التقسيم الفرعي الجغرافي Egypt.
600 10 - المدخل الاضافى بالموضوع-اسم شخصى
الإسم الشخصى Clédat, Jean,
التواريخ المصاحبة للاسم 1871-1943
التقسيم الفرعي العام Travel
التقسيم الفرعي الجغرافي Nubia.
650 #0 - المدخل الاضافى بالموضوع-مصطلح موضوعى
مصطلح موضوعي Excavations (Archaeology)
التقسيم الفرعي الجغرافي Egypt.
650 #0 - المدخل الاضافى بالموضوع-مصطلح موضوعى
مصطلح موضوعي Excavations (Archaeology)
التقسيم الفرعي الجغرافي Nubia.
650 #0 - المدخل الاضافى بالموضوع-مصطلح موضوعى
مصطلح موضوعي Excavations (Archaeology)
التقسيم الفرعي العام History
التقسيم الفرعي الزمني 20th century.
650 #0 - المدخل الاضافى بالموضوع-مصطلح موضوعى
مصطلح موضوعي Egyptology
التقسيم الفرعي الجغرافي France
التقسيم الفرعي العام History
التقسيم الفرعي الزمني 20th century.
653 ## - مصطلح تكشيفى غير مقيد
مصطلح غير مقيد Egypt
-- Nubia
-- Excavations (Archaeology)
-- Egyptology
-- History
-- 20th century
942 ## - عناصر المدخل الإضافي( كوها)
مصدر التصنيف او مخطط الترفيف Dewey Decimal Classification
Koha [default] item type كتاب
264 #1 -
-- Le Caire :
-- Institut français d'archéologie orientale,
-- 2014.
336 ## -
-- text
-- rdacontent
337 ## -
-- unmediated
-- rdamedia
338 ## -
-- volume
-- rdacarrier
830 #0 - المدخل الاضافى بالسلسلة -عنوان موحد
عنوان موحد Bibliothèque d'étude ;
رقم المجلد/ التعيين التسلسلي t. 158.
830 #0 - المدخل الاضافى بالسلسلة -عنوان موحد
عنوان موحد Publications de l'Institut français d'archéologie orientale du Caire ;
رقم المجلد/ التعيين التسلسلي 1085.
856 ## - الوصول و الموقع الالكترونى
معرف المصدر الموحد http://bvbr.bib-bvb.de:8991/F?func=service&doc_library=BVB01&local_base=BVB01&doc_number=027264903&line_number=0001&func_code=DB_RECORDS&service_type=MEDIA
تبصرة عامة Inhaltsverzeichnis
856 ## - الوصول و الموقع الالكترونى
معرف المصدر الموحد http://bvbr.bib-bvb.de:8991/F?func=service&doc_library=BVB01&local_base=BVB01&doc_number=027264903&line_number=0002&func_code=DB_RECORDS&service_type=MEDIA
تبصرة عامة Klappentext
856 ## - الوصول و الموقع الالكترونى
معرف المصدر الموحد http://bvbr.bib-bvb.de:8991/F?func=service&doc_library=BVB01&local_base=BVB01&doc_number=027264903&line_number=0003&func_code=DB_RECORDS&service_type=MEDIA
تبصرة عامة Buchcover
Holdings
حالة التراجع حالة الفقد مصدر التصنيف او خطة الترفيف حالة تلف ليس للاعارة المكان المؤقت الموقع الحالى موقع الترفيف تاريخ الاكتساب اجمالي اﻻعارات رقم الطلب الباركود تاريخ اخر مشاهدة تاريخ تفعيل السعر نوع وعاء كوها
    ddc     مكتبة القاهرة الكبرى مكتبة القاهرة الكبرى   01/10/2017   932\ CC/M J 163149 01/10/2017 01/10/2017 كتاب

Powered By

EGPV